Billboard Hot 100 - January 10, 2026 - Statistics

General Stats
  • This quiz has been taken 11 times
  • The average score is 29 of 100
Answer Stats
# Artist Song % Correct
2 HUNTR/X Golden
100%
3 Alex Warren Ordinary
89%
1 Taylor Swift The Fate Of Ophelia
89%
7 sombr Back To Friends
78%
18 Sabrina Carpenter Manchild
78%
4 Olivia Dean Man I Need
78%
16 Djo End Of Beginning
67%
35 Saja Boys Soda Pop
67%
69 Sienna Spiro Die On This Hill
56%
22 KATSEYE Gabriela
56%
82 KATSEYE Gnarly
56%
9 Leon Thomas Mutt
56%
8 Taylor Swift Opalite
56%
85 Taylor Swift, Sabrina Carpenter The Life Of A Showgirl
56%
13 RAYE Where Is My Husband!
56%
81 Alex Warren, Jelly Roll Bloodline
44%
5 Ella Langley Choosin' Texas
44%
10 Justin Bieber Daisies
44%
6 Kehlani Folded
44%
24 Ravyn Lenae Love Me Not
44%
40 Disco Lines, Tinashe No Broke Boys
44%
14 Olivia Dean So Easy (To Fall In Love)
44%
20 Tate McRae Tit For Tat
44%
30 Justin Bieber Yukon
44%
77 Shakira Zoo
44%
15 Morgan Wallen 20 Cigarettes
33%
38 EsDeeKid 4 Raws
33%
36 Olivia Dean A Couple Minutes
33%
99 Olivia Dean Baby Steps
33%
64 Megan Moroney Beautiful Things
33%
53 Tyla Chanel
33%
62 Tame Impala Dracula
33%
59 Taylor Swift Elizabeth Taylor
33%
56 Alex Warren Eternity
33%
94 NF FEAR
33%
57 David Guetta, Teddy Swims, Tones And I Gone Gone Gone
33%
28 BigXthaPlug, Ella Langley Hell At Night
33%
45 HUNTR/X How It's Done
33%
60 Morgan Wallen, Post Malone I Ain't Coming Back
33%
43 She & Him I Thought I Saw Your Face Today
33%
74 Olivia Dean Nice To Each Other
33%
26 Myles Smith Nice To Meet You
33%
97 Tate McRae Nobody's Girl
33%
87 The Marias Sienna
33%
19 Morgan Wallen, Tate McRae What I Want
33%
21 Lil Uzi Vert What You Saying
33%
66 Sabrina Carpenter When Did You Get Hot?
33%
89 Daniel Caesar Who Knows
33%
41 Saja Boys Your Idol
33%
31 Megan Moroney 6 Months Later
22%
39 Shaboozey, Jelly Roll Amen
22%
32 Max McNown Better Me For You (Brown Eyes)
22%
98 Madison Beer Bittersweet
22%
58 Ed Sheeran Camera
22%
50 Parmalee Cowgirl
22%
68 Chase Matthew Darlin'
22%
23 Riley Green, Ella Langley Don't Mind If I Do
22%
42 HARDY Favorite Country Song
22%
12 Pooh Shiesty FDO
22%
29 Russell Dickerson Happen To Me
22%
33 Hudson Westbrook House Again
22%
11 Morgan Wallen I Got Better
22%
78 Oivia Dean Let Alone The One You Love
22%
67 EsDeeKid, Rico Ace Phantom
22%
70 Tyler The Creator Sugar On My Tongue
22%
37 Sabrina Carpenter Tears
22%
34 Cody Johnson The Fall
22%
55 Cody Johnson Travelin' Soldier
22%
25 Gunna, Burna Boy wgft
22%
44 sombr 12 To 12
11%
71 Loe Shimmy, Don Toliver 3am
11%
90 Emmanuel Cortes Amor
11%
91 H3adband BOO
11%
75 Peso Pluma, Tito Double P Dano
11%
46 Luke Combs Days Like These
11%
54 Cardi B ErrTime
11%
49 Jason Aldean How Far Does A Goodbye Go
11%
27 Mariah The Scientist, Kali Uchis Is It A Crime
11%
17 Chris Brown, Bryson Tiller It Depends
11%
47 Gavin Adcock Last One To Know
11%
61 21 Savage, Drake Mr Recoup
11%
48 YoungBoy Never Broke Again Shot Callin
11%
65 Blake Shelton Stay Country Or Die Tryin'
11%
51 Metro Boomin, Quavo, Breskii, YKNIECE Take Me Thru Dere
11%
96 Phil Wickham What An Awesome God
11%
73 Taylor Swift Wi$h Li$t
11%
79 Peso Pluma, Tito Double P Bckpckbyz
0%
83 Tucker Wetmore Brunette
0%
52 Peso Pluma, Tito Double P Dopamina
0%
95 Ty Myers Ends Of The Earth
0%
72 Taylor Swift Father Figure
0%
84 Jelly Roll Heart Of Stone
0%
80 George Birge It Won't Be Long
0%
86 $uicideboy$ Leviticus
0%
76 Peso Pluma, Tito Double P Ni Pedo
0%
92 Cardi B, Kelani Safe
0%
63 Sabrina Carpenter Such A Funny Way
0%
93 KATO, Jon Turn The Lights Off
0%
100 Bad Bunny Voy A Llevarte Pa PR
0%
88 YoungBoy Never Broke Again, Mellow Rackz What You Is
0%
No matching quizzes found
Score Distribution
Percent of People with Each Score
Percentile by Number Answered
Your Score History
You have not taken this quiz